One more river to cross / (Record no. 3429)

MARC details
000 -LEADER
fixed length control field 00816nam a22002417a 4500
001 - CONTROL NUMBER
control field 3429
003 - CONTROL NUMBER IDENTIFIER
control field FISKH
005 - DATE AND TIME OF LATEST TRANSACTION
control field 20240305100331.0
008 - FIXED-LENGTH DATA ELEMENTS--GENERAL INFORMATION
fixed length control field 240305b cb ||||| |||| 00| 0 eng d
040 ## - CATALOGING SOURCE
Original cataloging agency FISK
Language of cataloging eng
Transcribing agency FISK
Modifying agency FISK
050 ## - LIBRARY OF CONGRESS CALL NUMBER
Classification number E185.H355
082 ## - DEWEY DECIMAL CLASSIFICATION NUMBER
Classification number 920.009296073
100 ## - MAIN ENTRY--PERSONAL NAME
Personal name Haskins Jim
Dates associated with a name 1941-2005
245 ## - TITLE STATEMENT
Title One more river to cross /
Statement of responsibility, etc. Jim Haskins
260 ## - PUBLICATION, DISTRIBUTION, ETC.
Place of publication, distribution, etc. New York :
Name of publisher, distributor, etc. Scholastic,
Date of publication, distribution, etc. 1992
300 ## - PHYSICAL DESCRIPTION
Extent 215 pages :
Other physical details illustrations,
Dimensions 20 cm
505 ## - FORMATTED CONTENTS NOTE
Formatted contents note X
520 ## - SUMMARY, ETC.
Summary, etc. Presents brief biographies of twelve African Americans who courageously fought against racism to become leaders in their fields, including Marian Anderson, Ralph Bunche, Fannie Lou Hamer, and Malcolm X.
521 8# - TARGET AUDIENCE NOTE
Target audience note 1070
Source Lexiles
700 ## - ADDED ENTRY--PERSONAL NAME
Personal name Jim Haskins
942 ## - ADDED ENTRY ELEMENTS (KOHA)
Source of classification or shelving scheme Dewey Decimal Classification
Koha item type Books
Suppress in OPAC No
Holdings
Withdrawn status Lost status Source of classification or shelving scheme Damaged status Not for loan Collection Home library Current library Shelving location Date acquired Total Checkouts Full call number Barcode Date last seen Copy number Price effective from Koha item type
    Dewey Decimal Classification     Non-Fiction Footprints International School Library Network Toul Kork Campus Footprints International School Library Network Toul Kork Campus TTP Secondary Non-Fiction Bookshelves 03/05/2024   HAS E185.H355 920.009296073 2024-0205 03/05/2024 1 03/05/2024 Books
    Dewey Decimal Classification     Non-Fiction Footprints International School Library Network Toul Kork Campus Footprints International School Library Network Toul Kork Campus TTP Secondary Non-Fiction Bookshelves 03/05/2024   HAS E185.H355 920.009296073 2024-0319 03/13/2024 2 03/13/2024 Books
    Dewey Decimal Classification     Non-Fiction Footprints International School Library Network Toul Kork Campus Footprints International School Library Network Toul Kork Campus TTP Secondary Non-Fiction Bookshelves 03/05/2024   HAS E185.H355 920.009296073 FIS04671 11/20/2024 3 03/13/2024 Books